000 00208 a2200097 4500
001 13247
100 _aHofmann,M.
245 _aBook of Irish Verse
260 _a
_bRoutledge Classics
_c
090 _c10238
_d10238
942 _aNUST-CAE
_cM
_c268
999 _c248320
_d248320